[Event "GER-chT U16"]
[Site "Lingen"]
[Date "2013.12.30"]
[Round "7.3"]
[White "Werthmann, Nils"]
[Black "Hesse, Henrik"]
[Result "1-0"]
[WhiteElo "1775"]
[BlackElo "1502"]
[PlyCount "97"]
[EventDate "2013.12.27"]
[EventType "team-swiss"]
[EventRounds "7"]
[EventCountry "GER"]
[SourceTitle "EXT 2015"]
[Source "ChessBase"]
[SourceDate "2014.11.20"]
[SourceVersion "1"]
[SourceVersionDate "2014.11.20"]
[SourceQuality "1"]
[WhiteTeam "Potsdam"]
[BlackTeam "Treptow"]
[WhiteTeamCountry "GER"]
[BlackTeamCountry "GER"]

1. Nc3 Nf6 2. e4 d6 3. d4 g6 4. Be3 Bg7 5. h3 Nbd7 6. Nf3 0-0 7. Qd2 c5 8. Bh6 cxd4 9. Nxd4 Nc5 10. f3 Qb6 11. 0-0-0 Ne6 12. Nb3 Bd7 13. h4 Rac8 14. Kb1 a5 15. Bxg7 Kxg7 16. Nd5 Nxd5 17. exd5 Nc7 18. h5 Rh8 19. h6+ Kf8 20. Qxa5 Qf2 21. Qc3 f6 22. Qd4 Qg3 23. Nd2 Bf5 24. Ne4 Qf4 25. Be2 Kf7 26. c4 Na6 27. g3 Qe5 28. Qxe5 fxe5 29. g4 Bxe4+ 30. fxe4 Nc5 31. Rhf1+ Ke8 32. Bf3 Rf8 33. Bg2 Kd7 34. g5 Kc7 35. Kc2 Ra8 36. a3 e6 37. b4 Rxf1 38. Rxf1 Rxa3 39. bxc5 Ra2+ 40. Kb3 Rxg2 41. Rf7+ Kd8 42. Rxh7 exd5 43. Rxb7 dxc4+ 44. Kxc4 Kc8 45. h7 Kxb7 46. h8Q Rc2+ 47. Kd3 Rxc5 48. Qh7+ Rc7 49. Qxg6 1-0

[Event "GER-chT North U16"]
[Site "Greifswald"]
[Date "2013.09.15"]
[Round "7.3"]
[White "Werthmann, Nils"]
[Black "Lemke, Berfin"]
[Result "0-1"]
[WhiteElo "1833"]
[BlackElo "1695"]
[PlyCount "52"]
[EventDate "2013.09.12"]
[EventType "team-swiss"]
[EventRounds "7"]
[EventCountry "GER"]
[SourceTitle "EXT 2014"]
[Source "ChessBase"]
[SourceDate "2013.11.20"]
[SourceVersion "1"]
[SourceVersionDate "2013.11.20"]
[SourceQuality "1"]
[WhiteTeam "Potsdam"]
[BlackTeam "Hamburg Koenigsspringer"]
[WhiteTeamCountry "GER"]
[BlackTeamCountry "GER"]

1. e4 c5 2. b3 Nc6 3. Bb2 d6 4. Bc4 e6 5. f4 a6 6. a4 d5 7. exd5 exd5 8. Qe2+ Nge7 9. Bd3 d4 10. Nf3 g6 11. 0-0 Bg7 12. Na3 0-0 13. Nc4 Bf5 14. Bxf5 Nxf5 15. Qf2 Nb4 16. Rac1 Na2 17. Rb1 Nb4 18. Na3 Re8 19. Rfe1 Qc7 20. g3 Rad8 21. Kf1 Qc8 22. Rxe8+ Rxe8 23. Re1 Rxe1+ 24. Kxe1 Qe6+ 25. Qe2 Qxe2+ 26. Kxe2 d3+ 0-1

[Event "GER-chT North U16"]
[Site "Greifswald"]
[Date "2013.09.14"]
[Round "5.3"]
[White "Werthmann, Nils"]
[Black "Rogozenco, Teodora Nana"]
[Result "0-1"]
[WhiteElo "1833"]
[BlackElo "1921"]
[PlyCount "68"]
[EventDate "2013.09.12"]
[EventType "team-swiss"]
[EventRounds "7"]
[EventCountry "GER"]
[SourceTitle "EXT 2014"]
[Source "ChessBase"]
[SourceDate "2013.11.20"]
[SourceVersion "1"]
[SourceVersionDate "2013.11.20"]
[SourceQuality "1"]
[WhiteTeam "Potsdam"]
[BlackTeam "Hamburger SK"]
[WhiteTeamCountry "GER"]
[BlackTeamCountry "GER"]

1. e4 c5 2. Nc3 Nc6 3. g3 g6 4. Bg2 Bg7 5. d3 Nf6 6. Be3 d6 7. h3 Bd7 8. Qd2 Nd4 9. Nge2 Nxe2 10. Qxe2 Bc6 11. 0-0 0-0 12. f4 Rc8 13. Nd5 Nh5 14. Qf2 Bxb2 15. Rab1 Bh8 16. g4 Nf6 17. Nxf6+ exf6 18. f5 g5 19. Bf3 h6 20. Kg2 Bg7 21. Rh1 Re8 22. c4 a6 23. a4 b6 24. Rb2 Bxa4 25. Ra1 b5 26. Qd2 Qd7 27. Qa5 Rb8 28. Bd2 Bf8 29. Rba2 Be7 30. Bc1 Bb3 31. Rb2 bxc4 32. Rab1 Rb4 33. dxc4 Reb8 34. Ra1 Bxc4 0-1

[Event "GER-chT U12"]
[Site "Verden an der Aller"]
[Date "2007.12.30"]
[Round "7.4"]
[White "Werthmann, Nils"]
[Black "Opitz, Jonas"]
[Result "0-1"]
[WhiteElo "1067"]
[BlackElo "1075"]
[PlyCount "68"]
[EventDate "2007.12.27"]
[EventType "team-swiss"]
[EventRounds "7"]
[EventCountry "GER"]
[SourceTitle "EXT 2009"]
[Source "ChessBase"]
[SourceDate "2008.11.26"]
[SourceVersion "1"]
[SourceVersionDate "2008.11.26"]
[SourceQuality "1"]
[WhiteTeam "Potsdam USV U12"]
[BlackTeam "Vaterstetten SC U12"]
[WhiteTeamCountry "GER"]
[BlackTeamCountry "GER"]

1. e4 d6 2. d4 Nf6 3. Nc3 g6 4. Nf3 Bg7 5. Bc4 0-0 6. 0-0 Nc6 7. Be3 e5 8. Qd2 Re8 9. Rfe1 exd4 10. Bxd4 Nxd4 11. Nxd4 b6 12. f3 Bb7 13. Bb5 Re7 14. Bc6 Qc8 15. Bxb7 Qxb7 16. Ncb5 d5 17. e5 Nd7 18. f4 f6 19. e6 Nf8 20. Qb4 c5 21. Qa3 cxd4 22. Nxd4 f5 23. c3 Bxd4+ 24. cxd4 Nxe6 25. Re2 Rae8 26. Rae1 Kf7 27. Qe3 Qd7 28. Qh3 Nxf4 29. Qxh7+ Kf6 30. Qh4+ Kf7 31. Qh7+ Kf6 32. Qh4+ g5 33. Qh6+ Ng6 34. Qh3 Rxe2 0-1

[Event "GER-chT U12"]
[Site "Verden an der Aller"]
[Date "2007.12.29"]
[Round "6.4"]
[White "Scheinhuette, Jakob"]
[Black "Werthmann, Nils"]
[Result "0-1"]
[WhiteElo "927"]
[BlackElo "1067"]
[PlyCount "80"]
[EventDate "2007.12.27"]
[EventType "team-swiss"]
[EventRounds "7"]
[EventCountry "GER"]
[SourceTitle "EXT 2009"]
[Source "ChessBase"]
[SourceDate "2008.11.26"]
[SourceVersion "1"]
[SourceVersionDate "2008.11.26"]
[SourceQuality "1"]
[WhiteTeam "Berlin Empor U12"]
[BlackTeam "Potsdam USV U12"]
[WhiteTeamCountry "GER"]
[BlackTeamCountry "GER"]

1. e4 c6 2. Nc3 d5 3. d4 dxe4 4. Nxe4 Bf5 5. Ng3 Bg6 6. Bc4 e6 7. Nf3 Nd7 8. c3 Ngf6 9. Bg5 Bd6 10. 0-0 0-0 11. Bb3 Qc7 12. c4 Bxg3 13. fxg3 Nb6 14. c5 Nbd5 15. Bxd5 Nxd5 16. a3 f6 17. Bf4 Qd7 18. b4 Nc3 19. Qb3 Ne2+ 20. Kh1 Nxd4 21. Qd1 e5 22. Be3 Rad8 23. g4 Bc2 24. Qd2 Nb3 25. Qxd7 Rxd7 26. Rac1 Nxc1 27. Rxc1 Be4 28. g5 Bxf3 29. gxf3 fxg5 30. Bxg5 Rxf3 31. Kg2 Rxa3 32. Kf2 h6 33. Be3 Rdd3 34. Re1 Kf7 35. Bc1 Ra2+ 36. Kf1 Rf3+ 37. Kg1 Rh3 38. Rxe5 Rhxh2 39. Rf5+ Ke6 40. Rf1 Rag2# 0-1